Cestovné kancelárie a cestovné agentúry ako sprostredkovatelia v dobrovoľníckom cestovnom ruchu
Teoretické vymedzenie organizácií dobrovoľníckeho cestovného ruchu. Dobrovoľnícke programy v ponuke slovenských cestovných kancelárií a cestovných agentúr. Dobrovoľnícke programy v ponuke českých cestovných kancelárií a cestovných agentúr.
Salvato in:
| Autore principale: | |
|---|---|
| Altri autori: | |
| Natura: | Capitolo di libro |
| Lingua: | slovacco |
| Soggetti: | |
| Tags: |
Nessun Tag, puoi essere il primo ad aggiungerne!!
|
MARC
| LEADER | 00000naa a2200000 4500 | ||
|---|---|---|---|
| 001 | 0237064 | ||
| 005 | 20220805075434.8 | ||
| 041 | 0 | |a slo | |
| 044 | |a SK | ||
| 245 | 1 | 0 | |a Cestovné kancelárie a cestovné agentúry ako sprostredkovatelia v dobrovoľníckom cestovnom ruchu |c Kristína Pompurová, Jana Sokolová |
| 520 | |a Teoretické vymedzenie organizácií dobrovoľníckeho cestovného ruchu. Dobrovoľnícke programy v ponuke slovenských cestovných kancelárií a cestovných agentúr. Dobrovoľnícke programy v ponuke českých cestovných kancelárií a cestovných agentúr. | ||
| 610 | 2 | 0 | |a ruch cestovný |
| 610 | 2 | 0 | |a kancelárie cestovné |
| 610 | 2 | 0 | |a agentúry cestovné |
| 610 | 2 | 0 | |a ponuka |
| 610 | 2 | 0 | |a dobrovoľníctvo |
| 610 | 2 | 0 | |a organizácie neziskové |
| 610 | 2 | 0 | |a Česko |
| 610 | 2 | 0 | |a Slovensko |
| 100 | 1 | |a Pompurová, Kristína | |
| 700 | 1 | |a Sokolová, Jana | |